| 000 | 01101nam0a2200301 4500 | ||
|---|---|---|---|
| 001 | RU\NLR\BIBL_A\011909190 | ||
| 005 | 20190205092103.0 | ||
| 010 |
_a978-5-227-08425-5 _95000 |
||
| 021 |
_aRU _bКН-П-18-093656 _9КН-П-18-6793 |
||
| 035 | _a(NLR Aleph) 011909190 | ||
| 035 | _a(RuMoRGB)009831711 | ||
| 090 |
_a10925802 _c10925802 |
||
| 100 | _a20190114d2018 u y0rusy50 ca | ||
| 101 | 1 |
_arus _ceng |
|
| 102 | _aRU | ||
| 105 | _aa|||z|||000ay | ||
| 200 | 1 |
_aСкандал в семействе Уинтерли _eроман _fЭлизабет Бикон _g[пер. с англ. Л. А. Игоревского] _gАрлекин |
|
| 210 |
_aМосква _cЦентрполиграф _d2018 (макет 2019) |
||
| 215 |
_a254, [1] с. _d17 |
||
| 225 | 1 |
_aИсторический роман _v095 |
|
| 333 | _a16+ | ||
| 686 | 1 | _aШ6(4Вл)67-440.4{Лх1299-50} | |
| 700 | 1 |
_7ca _8rus _aБикон _bЭ. _gЭлизабет _9188789 _3RU\NLR\AUTH\770188840 |
|
| 942 | _cBOOK | ||
| 980 | _aNB | ||